| 000 | 00486nam a2200157 a 4500 | ||
|---|---|---|---|
| 001 | 000032859 | ||
| 005 | 20250307073710.0 | ||
| 008 | 110801s1929 ag 000 0 spa d | ||
| 040 |
_aDO-SdBNP _bspa _cBNPHU |
||
| 082 |
_axxx _bC569 |
||
| 245 | 0 | 0 |
_aCien de las mejores poesías castellanas / _cselección Pedro Henríquez Ureña. |
| 260 |
_aBuenos Aires : _bA. Kapelusz, _c1929. |
||
| 300 |
_a289 p. ; _c20 cm. |
||
| 700 | 1 |
_aHenríquez Ureña, Pedro, _d1884-1946 _91718 |
|
| 049 | _aBNPD | ||
| 999 |
_c32350 _d32350 |
||